Michael Jackson Discography - Statistics

General Stats
  • This quiz has been taken 67 times
  • The average score is 60 of 141
Answer Stats
Year Album Song % Correct
1982 Thriller Billie Jean
96%
1982 Thriller Thriller
96%
1987 Bad Bad
94%
1982 Thriller Beat It
89%
1979 Off the Wall Off the Wall
89%
1972 Ben Ben
81%
1991 Dangerous Dangerous
81%
1987 Bad Dirty Diana
81%
1987 Bad Smooth Criminal
81%
1987 Bad Man in the Mirror
79%
1997 Blood on the Dance Floor: HIStory in the Mix Blood on the Dance Floor
77%
1979 Off the Wall Rock with You
77%
1987 Bad The Way You Make Me Feel
77%
1982 Thriller Wanna Be Startin' Somethin'
77%
1991 Dangerous Black or White
74%
2001 Invincible Invincible
72%
1982 Thriller P.Y.T. (Pretty Young Thing)
72%
1982 Thriller Human Nature
70%
1987 Bad Leave Me Alone
70%
1995 HIStory: Past, Present and Future, Book I They Don't Care About Us
70%
1979 Off the Wall Don't Stop 'Til You Get Enough
68%
1972 Got to Be There Got to Be There
68%
1991 Dangerous Jam
68%
1982 Thriller The Girl Is Mine
68%
1982 Thriller Baby Be Mine
66%
1987 Bad Liberian Girl
66%
1982 Thriller The Lady in My Life
66%
1995 HIStory: Past, Present and Future, Book I Earth Song
64%
1991 Dangerous Remember the Time
64%
2014 Xscape Xscape
64%
1987 Bad I Just Can't Stop Loving You
62%
1987 Bad Another Part of Me
60%
1995 HIStory: Past, Present and Future, Book I Scream
60%
1979 Off the Wall She's Out of My Life
60%
1987 Bad Speed Demon
60%
1997 Blood on the Dance Floor: HIStory in the Mix Ghosts
57%
1995 HIStory: Past, Present and Future, Book I Stranger in Moscow
57%
1991 Dangerous Heal the World
55%
1995 HIStory: Past, Present and Future, Book I You Are Not Alone
55%
2001 Invincible You Rock My World
55%
2014 Xscape Chicago
53%
1991 Dangerous Give In to Me
53%
1991 Dangerous Gone Too Soon
53%
1987 Bad Just Good Friends
53%
1991 Dangerous Will You Be There
53%
1979 Off the Wall Workin' Day and Night
53%
2001 Invincible Break of Dawn
51%
1995 HIStory: Past, Present and Future, Book I HIStory
51%
1991 Dangerous In the Closet
51%
1973 Music & Me Music and Me
51%
2001 Invincible Cry
49%
1979 Off the Wall Girlfriend
49%
1991 Dangerous Keep the Faith
49%
1991 Dangerous She Drives Me Wild
49%
1991 Dangerous Who Is It
49%
1979 Off the Wall Burn This Disco Out
47%
2001 Invincible Butterflies
47%
1995 HIStory: Past, Present and Future, Book I D.S.
47%
1979 Off the Wall Get on the Floor
47%
2001 Invincible Heaven Can Wait
47%
1979 Off the Wall I Can't Help It
47%
1979 Off the Wall It's the Falling in Love
47%
1997 Blood on the Dance Floor: HIStory in the Mix Morphine
47%
2001 Invincible Unbreakable
47%
1991 Dangerous Why You Wanna Trip on Me
47%
1995 HIStory: Past, Present and Future, Book I Childhood
45%
2001 Invincible Heartbreaker
45%
1995 HIStory: Past, Present and Future, Book I 2 Bad
43%
1991 Dangerous Can't Let Her Get Away
43%
1995 HIStory: Past, Present and Future, Book I Come Together
43%
1997 Blood on the Dance Floor: HIStory in the Mix Is It Scary
43%
1995 HIStory: Past, Present and Future, Book I Little Susie / Pie Jesu
43%
1995 HIStory: Past, Present and Future, Book I Money
40%
1995 HIStory: Past, Present and Future, Book I Smile
40%
2001 Invincible Speechless
40%
1997 Blood on the Dance Floor: HIStory in the Mix Superfly Sister
40%
1995 HIStory: Past, Present and Future, Book I Tabloid Junkie
40%
2001 Invincible 2000 Watts
38%
2014 Xscape Love Never Felt So Good
38%
2001 Invincible Threatened
38%
1972 Got to Be There Rockin' Robin
36%
2014 Xscape A Place with No Name
34%
2010 Michael Hold My Hand
34%
2010 Michael Hollywood Tonight
34%
2001 Invincible Privacy
34%
2014 Xscape Slave to the Rhythm
34%
2001 Invincible The Lost Children
34%
2001 Invincible Whatever Happens
34%
2001 Invincible You Are My Life
32%
2001 Invincible Don't Walk Away
30%
2014 Xscape Do You Know Where Your Children Are
30%
2014 Xscape Loving You
30%
2010 Michael Behind the Mask
28%
2009 Singles This Is It
28%
2010 Michael Best of Joy
26%
2014 Xscape Blue Gangsta
26%
1975 Forever, Michael Dear Michael
26%
2010 Michael (I Can't Make It) Another Day
26%
1995 HIStory: Past, Present and Future, Book I This Time Around
26%
1972 Got to Be There Ain't No Sunshine
23%
1972 Got to Be There I Wanna Be Where You Are
23%
1975 Forever, Michael One Day in Your Life
23%
1972 Got to Be There Maria (You Were the Only One)
21%
2010 Michael Much Too Soon
21%
2003 Singles One More Chance
21%
1972 Ben We've Got a Good Thing Going
21%
1975 Forever, Michael Dapper Dan
19%
1972 Ben Everybody's Somebody's Fool
19%
1972 Ben Greatest Show on Earth
19%
2010 Michael (I Like) The Way You Love Me
19%
2010 Michael Monster
19%
1972 Ben My Girl
19%
1972 Ben People Make the World Go Round
19%
1972 Ben Shoo-Be-Doo-Be-Doo-Da-Day
19%
1975 Forever, Michael We're Almost There
19%
1972 Ben You Can Cry on My Shoulder
19%
1975 Forever, Michael Cinderella Stay Awhile
17%
1972 Ben | Got to Be There In Our Small Way
17%
1975 Forever, Michael Just a Little Bit of You
17%
1975 Forever, Michael We've Got Forever
17%
1972 Ben What Goes Around Comes Around
17%
1973 Music & Me With a Child's Heart
17%
2010 Michael Breaking News
15%
2010 Michael Keep Your Head Up
15%
1975 Forever, Michael Take Me Back
15%
1973 Music & Me Up Again
15%
1972 Got to Be There Wings of My Love
15%
1975 Forever, Michael You Are There
15%
1973 Music & Me Happy
13%
1975 Forever, Michael I'll Come Home to You
13%
1973 Music & Me Too Young
13%
1973 Music & Me All the Things You Are
11%
1973 Music & Me Doggin' Around
11%
1973 Music & Me Euphoria
11%
1972 Got to Be There Girl Don't Take Your Love from Me
11%
1973 Music & Me Johnny Raven
11%
1972 Got to Be There Love Is Here and Now You're Gone
11%
1973 Music & Me Morning Glow
11%
1972 Got to Be There You've Got a Friend
11%
2010 Singles Mind Is the Magic
4%
No matching quizzes found
Score Distribution
Percent of People with Each Score
Percentile by Number Answered
Your Score History
You have not taken this quiz